Sport par lettre - D - Statistiques

Statistiques générales
  • Ce quiz a été pris 139 fois
  • Le résultat moyen est 15 sur 20
Statistiques - réponses
Hint Réponse % Correct
Magasin de sport et discipline de l'athlétisme Décathlon
96%
Au basket, action qui consiste à rentrer le ballon directement dans le panier en s'accrochant à l'arceau Dunk
93%
Pratique consistant à absorber des substances chimiques pour améliorer ses performances Dopage
91%
Seul homme à avoir remporté trois fois chaque tournoi du grand chelem Novak Djokovic
90%
Il a remporté une coupe du monde comme joueur, et une coupe du monde comme entraineur Didier Deschamps
88%
J'en inscris un si je mets deux buts dans un même match Doublé
88%
Mykolas Alekna a établi un nouveau record du monde en 2025 en lançant cet objet à 75,56m Disque
87%
Premier rugbyman à avoir été élu meilleur joueur du monde de rugby à XV et meilleur joueur du monde de rugby à VII Antoine Dupont
83%
Surnom des joueurs de l'équipe belge de football Diables rouges
83%
A gagner pour atteindre la finale Demi-finale
79%
Il place la barre à 6m30 Armand Duplantis
77%
Prénom de ce dernier Désiré
75%
Il est nommé homme du match de la finale de Ligue des champions 2025 Doué
75%
Au rugby, ce geste technique vaut trois points Drop
72%
Après avoir été double champion olympique, il est élu député, puis nommé ministre des Sports David Douillet
70%
Sur le Tour de France, celui du vainqueur de l'édition précédente fait apparaitre le chiffre 1 Dossard
63%
C'est l'une des épreuves du concours complet d'équitation Dressage
61%
Il détient le record du monde du 50km marche Yohann Diniz
53%
Poste occupé par ce dernier en rugby à XV Demi de mêlée
51%
Vainqueur du Vendée Globe 2024-2025 Charlie Dalin
17%
Aucun quiz correspondant
Distribution des résultats
% des personnes avec chaque résultat
Percentile par nombre de réponses
Votre historique - résultats
Vous n’avez pas pris ce quiz